00558nam a2200193Ii 4500001000400000003000900004008004100013020001500054040003300069041000800102082001700110100002600127245006000153264005800213300001200271336002600283337002800309338002700337132CO-ViMGA241108s9999||||xx |||||||||||||| ||und|| a958682358X aCO-ViMGAbspaerdacCO-ViMGA0 aspa04a986.102 J17p1 aJaime Jaramillo Uribe10aLa personalidad histórica de Colombia y otros ensayos 1a[Lugar de publicación no identificado] : Ceso, 2002 avolumen atextbtxt2rdacontent aunmediatedbn2rdamedia avolumebnc2rdacarrier